|
|
|
|
| LEADER |
00000nab a2200000ua 4500 |
| 001 |
vtls010751755 |
| 003 |
SK-MaSNL |
| 005 |
20260304203041.0 |
| 008 |
250718s2011 xo |||||||||||||||||slo| |
| 035 |
|
|
|a (urnnbn)urn:nbn:sk:snk:ar-a06aby
|
| 035 |
|
|
|a (uuid)4a120b18-1b32-42c3-b6f0-1cef94c0de43
|
| 035 |
|
|
|a urn:nbn:sk:snk-ab4xha
|
| 040 |
|
|
|a SNKBUCL
|b slo
|c SNKBUCL
|e AACR2
|
| 041 |
0 |
|
|a slo
|
| 044 |
|
|
|a xo
|c SK
|
| 100 |
1 |
|
|a Sochorová, Ružena
|4 aut
|9 267241
|
| 245 |
1 |
0 |
|a MÁM NEPEKNÉ KRUHY POD OČAMI, DÁ SA S NIMI NIEČO ROBIŤ?
|c Ružena Sochorová
|
| 773 |
0 |
|
|t Derma revue : pokožka - vlasy - nechty - zdravie - životný štýl
|g Roč. 9, č. 3 (2011), s. 10-11
|
| 850 |
|
|
|a Slovenská národná knižnica
|
| 852 |
|
|
|a Slovenská národná knižnica
|
| 954 |
|
|
|a odborná, vedecká literatúra pôvodná (slovenská)
|2 lita
|
| 958 |
|
|
|a article3
|
| 958 |
|
|
|a OND
|
| 958 |
|
|
|a EUIPO
|
| 999 |
|
|
|c 3107246
|d 3109176
|